[Event "GER HS-256 email"]
[Site "GER email"]
[Date "2019.05.04"]
[Round "?"]
[White "Peetoom, Frank"]
[Black "Dahm, Winfried Karl"]
[Result "1/2-1/2"]
[WhiteElo "1823"]
[BlackElo "1818"]
[PlyCount "54"]
[EventDate "2019.05.13"]
[EventType "tourn (corr)"]
[EventRounds "6"]
[EventCountry "GER"]
[SourceTitle "Corr 2022"]
[Source "ChessBase"]
[SourceDate "2021.10.24"]
[SourceVersion "1"]
[SourceVersionDate "2021.10.24"]
[SourceQuality "1"]

1. Nf3 Nf6 2. c4 e6 3. d4 d5 4. Nc3 c6 5. e3 Nbd7 6. Bd3 dxc4 7. Bxc4 b5 8. Bd3 a6 9. e4 c5 10. d5 Qc7 11. 0-0 c4 12. Bc2 Bb7 13. dxe6 fxe6 14. Ng5 Nc5 15. e5 Qxe5 16. Re1 Qd6 17. Qxd6 Bxd6 18. Be3 0-0 19. Rad1 Be7 20. Bxc5 Bxc5 21. Nxe6 Rfc8 22. Nxc5 Rxc5 23. f3 Kf7 24. Kf2 Re8 25. Rxe8 Kxe8 26. g4 g5 27. Re1+ Kf7 1/2-1/2

[Event "GER HS-245 email"]
[Site "GER email"]
[Date "2018.09.24"]
[Round "?"]
[White "Dahm, Winfried Karl"]
[Black "Horst, Lothar"]
[Result "1-0"]
[WhiteElo "1810"]
[BlackElo "1809"]
[PlyCount "81"]
[EventDate "2018.10.03"]
[EventType "tourn (corr)"]
[EventRounds "6"]
[EventCountry "GER"]
[SourceTitle "Corr 2022"]
[Source "ChessBase"]
[SourceDate "2021.10.24"]
[SourceVersion "1"]
[SourceVersionDate "2021.10.24"]
[SourceQuality "1"]

1. d4 d5 2. Nf3 Nf6 3. c4 e6 4. Nc3 Be7 5. Bf4 0-0 6. e3 c5 7. dxc5 Bxc5 8. Qc2 Nc6 9. a3 Qa5 10. Rd1 Be7 11. Be2 Ne4 12. cxd5 Nxc3 13. bxc3 exd5 14. 0-0 Rd8 15. a4 Qc5 16. Rb1 Bf6 17. Rfc1 b6 18. Rb5 Qe7 19. c4 d4 20. e4 h6 21. c5 Ba6 22. cxb6 Bxb5 23. Bxb5 Ne5 24. Nxe5 Bxe5 25. Bxe5 Qxe5 26. Qc7 Qe6 27. b7 Rab8 28. e5 Qb6 29. Qxb6 axb6 30. Bc6 d3 31. Kf1 d2 32. Rd1 Rd4 33. Ke2 Rbd8 34. f4 Kf8 35. f5 Ke7 36. g4 g6 37. h3 h5 38. Bf3 h4 39. Bc6 g5 40. Bf3 Kf8 41. f6 1-0